Macroeconomics : Principles, problems, and policies
McConnell and Brue’s Macroeconomics: Principles, Problems, and Policies is the leading Principles of Macroeconomics textbook because it is innovative and teaches students in a clear, unbiased way. The 17th Edition builds upon the tradition of leadership by sticking to 3 main goals: help the beginnin...
Shranjeno v:
| Glavni avtor: | |
|---|---|
| Format: | Knjiga |
| Jezik: | Undetermined |
| Izdano: |
Boston
McGraw-Hill/Irwin
2008
|
| Teme: | |
| Oznake: |
Označite
Brez oznak, prvi označite!
|
| Thư viện lưu trữ: | Trung tâm Học liệu Trường Đại học Cần Thơ |
|---|
| LEADER | 01215nam a2200205Ia 4500 | ||
|---|---|---|---|
| 001 | CTU_187165 | ||
| 008 | 210402s9999 xx 000 0 und d | ||
| 082 | |a 339 | ||
| 082 | |b M129 | ||
| 100 | |a McConnell, Campbell R. | ||
| 245 | 0 | |a Macroeconomics : | |
| 245 | 0 | |b Principles, problems, and policies | |
| 245 | 0 | |c Campbell R. McConnell, Stanley L. Brue | |
| 260 | |a Boston | ||
| 260 | |b McGraw-Hill/Irwin | ||
| 260 | |c 2008 | ||
| 520 | |a McConnell and Brue’s Macroeconomics: Principles, Problems, and Policies is the leading Principles of Macroeconomics textbook because it is innovative and teaches students in a clear, unbiased way. The 17th Edition builds upon the tradition of leadership by sticking to 3 main goals: help the beginning student master the principles essential for understanding the economizing problem, specific economic issues, and the policy alternatives; help the student understand and apply the economic perspective and reason accurately and objectively about economic matters; and promote a lasting student interest in economics and the economy. | ||
| 650 | |a Macroeconomics,Kinh tế học vĩ mô | ||
| 910 | |a Hải | ||
| 980 | |a Trung tâm Học liệu Trường Đại học Cần Thơ | ||